| 000 | 01093nam a2200253 a 4500 | ||
|---|---|---|---|
| 001 | 000043276 | ||
| 005 | 20250909091242.0 | ||
| 008 | 140303s2010 sp 000 0 spa d | ||
| 020 | _a9788483471227 | ||
| 040 |
_aDO-SdBNP _bspia _cBNPHU |
||
| 100 | 1 |
_aFals Borda, Orlando _961686 |
|
| 100 | 1 |
_aJaramillo, Jaime Eduardo _970895 |
|
| 245 | 1 | 3 |
_aAntología de Orlando Fals Borda / _cOrlando Fals Borda ; Jaime Eduardo Jaramillo. |
| 260 |
_aMadrid : _bAgencia Española de Cooperación Internacional, _c2010. |
||
| 300 |
_a282 p. ; _c24 cm. |
||
| 490 | 1 |
_aAntología del pensamiento político, social y económico de América latina ; _v26 |
|
| 490 | 1 | _aCiencias y humanismo | |
| 504 | _aIncluye referencias bibliográficas y notas al pie de las páginas | ||
| 504 | _aBibliografía : p. 276-282 | ||
| 500 | _aIncluye datos biográficos del autor en al solapa de la cubierta | ||
| 710 | 2 |
_aAgencia Española de Cooperación Internacional _934585 |
|
| 830 | 0 |
_aAntología del pensamiento político, social y económico de América latina _v26 _970870 |
|
| 830 | 0 |
_aCiencias y humanismo _970218 |
|
| 999 |
_c42765 _d42765 |
||